000 00839nam a22002897a 4500
001 0055383
003 KOHA_MİRAKIL
005 20260207004017.0
007 ta
008 160215b2014 tu |||gr||||#||||0|tur |
020 _a9786055347154
040 _aTR-BiSEU
_btur
_cTR-BiSEU
_erda
041 0 _atur
044 _ctu
050 _aTA710
_b.U98 2014
100 1 _aUzuner, Bayram Ali.
245 1 _aÇözümlü problemlerle temel zemin mekaniği/
_cBayram Ali Uzuner ; Bayram Ali Uzuner.
250 _a9. Basım
264 1 _aTrabzon :
_bDerya Kitabevi
_c2014
300 _a734 sayfa ;
_c24 cm.
336 _ametin
_btxt
_2rdacontent
337 _aaracısız
_bn
_2rdamedia
338 _acilt
_bnc
_2rdacarrier
500 _aDizin var.
650 0 _aZemin Mekaniği--Problemler, Alıştırmalar.
_9102859
942 _2lcc
_cBK
999 _c55191
_d55191